| 000 | 00912cab a22001935a 4500 | ||
|---|---|---|---|
| 001 | L157207 | ||
| 008 | 120924e20120914xxk 000 0 eng d | ||
| 035 | _a(Sirsi) u157207 | ||
| 041 | 0 | _aeng | |
| 100 | 1 | _aSandher, Hardeep | |
| 245 | 0 | 0 | _aToo little to go around |
| 260 | _c2012 | ||
| 490 |
_aProperty Week _v78(37)14 September 2012, 32-34(3) |
||
| 520 | _aHighlights problems faced by commercial agents in the UK regional markets such as competition, lack of deals and dominance of the London markets. Gives details of number of regional offices held by BNP Paribas Real Estate, Cushman and Wakefield, CBRE, DTZ, Jones Lang LaSalle, Knight Frank and Lambert Smith Hampton with details of total staff, number of commercial fee earners and non-fee earners in Manchester, Birmingham, Leeds and Bristol. | ||
| 590 | _aKA | ||
| 651 | 4 |
_aUnited Kingdom _y |
|
| 690 |
_aCommercial property _96227 |
||
| 942 | _n0 | ||
| 999 |
_c84298 _d84298 |
||